000
00307nam a22001337a 4500
008
170706b xxu||||| |||| 00| 0 eng d
020
_a
9783446191730
041
_a
eng
080
_a
82
100
_a
22
101
_a
GJL
245
_a
MODERN ENGLISH TRAINING FOR INDUSTRY
_c
ZURL.K.J
942
_2
udc
_c
BK
999
_c
20003
_d
20003